Jane Austen Beaus Quiz Stats

 Plays Quiz Updated Jul 10, 2014

     
Support Sporcle.
Go Orange.
Score 0/31 Timer 06:00
3 Plays Today
Novel Beau % Correct
Pride and PrejudiceFitzwilliam Darcy
96.9%
Pride and PrejudiceGeorge Wickham
79.4%
Pride and PrejudiceGeorge Wickham
79.4%
Pride and PrejudiceGeorge Wickham
79.4%
Pride and PrejudiceCharles Bingley
77.2%
Pride and PrejudiceWilliam Collins
71.7%
EmmaGeorge Knightley
68.5%
Sense and SensibilityColonel Brandon
60.7%
Sense and SensibilityEdward Ferrars
59%
Sense and SensibilityEdward Ferrars
59%
Sense and SensibilityJohn Willoughby
59%
EmmaFrank Churchill
54.4%
Mansfield ParkEdmund Bertram
53.6%
Mansfield ParkEdmund Bertram
53.6%
PersuasionCaptain Frederick Wentworth
53.1%
PersuasionCaptain Frederick Wentworth
53.1%
Novel Beau % Correct
PersuasionCaptain Frederick Wentworth
53.1%
Mansfield ParkHenry Crawford
50.3%
Mansfield ParkHenry Crawford
50.3%
EmmaPhilip Elton
48.1%
Northanger AbbeyHenry Tilney
46.6%
PersuasionWilliam Elliot
44.7%
Northanger AbbeyJohn Thorpe
43.1%
Northanger AbbeyJames Morland
42%
EmmaRobert Martin
41.2%
Sense and SensibilityRobert Ferrars
38.9%
PersuasionCaptain James Benwick
25.5%
Northanger AbbeyCaptain Frederick Tilney
24.6%
Mansfield ParkJames Rushworth
23.9%
Mansfield ParkThe Honorable John Yates
20.7%
PersuasionCharles Hayter
20.6%

From the Vault

US President Phonetic Name Match

by hjckr

History 90s
There are some names you really can't mispronounce. Like 'Bush'.
Remove Ads.
Support Sporcle.
Get the best of Sporcle when you Go Orange. This ad-free experience offers more features, more stats, and more fun while also helping to support Sporcle. Thank you for becoming a member.

Show Comments

Extras

Top Quizzes Today


Score Distribution

Your Account Isn't Verified!

In order to create a playlist on Sporcle, you need to verify the email address you used during registration. Go to your Sporcle Settings to finish the process.

Report this User

Report this user for behavior that violates our Community Guidelines.

Details: